Normal view MARC view
  • Manu.R.

Entry Personal Name

Number of records used in: 1

001 - CONTROL NUMBER

  • control field: 4900

003 - CONTROL NUMBER IDENTIFIER

  • control field: OSt

005 - DATE AND TIME OF LATEST TRANSACTION

  • control field: 20180117091419.0

008 - FIXED-LENGTH DATA ELEMENTS

  • fixed length control field: 180117|| aca||aabn | a|a d

040 ## - CATALOGING SOURCE

  • Original cataloging agency: OSt
  • Transcribing agency: OSt

100 ## - HEADING--PERSONAL NAME

  • Personal name: Manu.R.

670 ## - SOURCE DATA FOUND

  • Source citation: Work cat.: (OSt): Manu.R., Master Stroke, 2009

Powered by Koha